[Event "Jastrzebie Zdroj op"]
[Site "Jastrzebie Zdroj"]
[Date "2019.08.14"]
[Round "3"]
[White "Klepek, Witold"]
[Black "Zak, Rafal"]
[Result "1-0"]
[WhiteElo "2197"]
[BlackElo "1610"]
[PlyCount "121"]
[EventDate "2019.08.12"]
[EventType "swiss"]
[EventRounds "9"]
[EventCountry "POL"]
[SourceTitle "CBM 191 Extra"]
[Source "ChessBase"]
[SourceDate "2019.09.30"]
[SourceVersion "1"]
[SourceVersionDate "2019.09.30"]
[SourceQuality "1"]

1. e4 c6 2. d4 d5 3. f3 dxe4 4. fxe4 e5 5. Nf3 exd4 6. Bc4 Be6 7. Bxe6 fxe6 8. 0-0 Nf6 9. e5 Ne4 10. Nbd2 Nxd2 11. Qxd2 Be7 12. Nxd4 Qd5 13. Nf3 Nd7 14. Qe2 0-0-0 15. c4 Qa5 16. Bd2 Qb6+ 17. Be3 Bc5 18. Bxc5 Nxc5 19. Kh1 Nd3 20. b3 Rhf8 21. g3 Rf5 22. Kg2 Qc5 23. Rad1 Nxe5 24. Rxd8+ Kxd8 25. Rd1+ Ke7 26. Nd4 Rf6 27. b4 Qxc4 28. Qxe5 Qxa2+ 29. Qe2 Qxe2+ 30. Nxe2 Rf5 31. Ra1 Rb5 32. Ra4 a6 33. Nc3 Re5 34. Kf3 g5 35. Ra5 Rf5+ 36. Ke4 Kf6 37. Rxf5+ exf5+ 38. Kd4 b6 39. Na4 a5 40. bxa5 c5+ 41. Nxc5 bxa5 42. Kd5 h5 43. h3 Kf7 44. Ke5 Kg6 45. h4 gxh4 46. gxh4 f4 47. Kxf4 Kf6 48. Na4 Kg6 49. Ke5 Kh6 50. Kf6 Kh7 51. Kg5 Kg7 52. Kxh5 Kh7 53. Kg5 Kg7 54. h5 Kh7 55. h6 Kh8 56. Kg6 Kg8 57. Nc5 Kh8 58. Nd7 a4 59. Ne5 a3 60. h7 a2 61. Nf7# 1-0